[Event "89th GER-ch"]
[Site "Dresden"]
[Date "2018.08.05"]
[Round "3.2"]
[White "Poetsch, Hagen"]
[Black "Miller, Eduard"]
[Result "1-0"]
[WhiteElo "2513"]
[BlackElo "2309"]
[Annotator "TA"]
[PlyCount "89"]
[EventDate "2018.08.03"]
[EventType "swiss"]
[EventCountry "GER"]
[SourceTitle "playchess.com"]
[Source "ChessBase"]
[SourceQuality "1"]

{[%evp 12,89,31,22,60,54,74,74,75,74,78,74,75,76,65,20,89,30,34,38,107,88,129,129,133,133,126,130,122,123,127,135,136,128,159,140,138,143,183,195,197,140,132,152,215,221,220,218,210,219,209,208,219,217,218,202,199,199,212,202,266,230,227,217,268,260,470,470,470,470,462,457,531,531,631,594,692,691,652,632]} 1. e4 e5 2. Nf3 Nc6 3. Bb5 Nf6 4. d3 Bc5 5. Bxc6 dxc6 6. Nbd2 {[%cal Bb1d2,Bd2c4,Bc4a5,Ba5b3][%mdl 32] C65: Ruy Lopez: Berlin Defence (3...Nf6), unusual lines and 4 0-0 Bc5} Qe7 (6... Be6 7. Qe2 Nd7 8. Nb3 Bb6 9. Ng5 Nf8 10. Be3 Qe7 11. g3 Bxb3 12. axb3 f6 13. Nf3 Ne6 14. Bxb6 cxb6 {½-½ (36) Svidler,P (2753)-Carlsen,M (2842) Biel 2018}) 7. Nc4 {LiveBook: 5 Games} Ng4 $146 ({Predecessor:} 7... Nd7 8. a3 O-O 9. b4 Bd6 10. Bb2 b5 11. Na5 c5 12. O-O Re8 13. Rb1 cxb4 14. axb4 {½-½ (91) Shyam,S (2534)-Leenhouts,K (2486) Dieren 2017}) 8. O-O $1 {White is slightly better.} b5 9. Na5 Bb6 10. Qe1 Qd6 11. h3 Nf6 12. Qc3 c5 {[%cal Bc6c5,Bc5c4][%mdl 32]} 13. Nb3 O-O (13... c4 $11 14. dxc4 Nxe4 15. Qxe5+ Qxe5 16. Nxe5 f6) 14. a4 (14. Qxe5 $16 Qxe5 15. Nxe5) 14... c4 $1 $11 {[%cal Rc4b3]} 15. a5 $36 {[%mdl 2048] White is pushing.} b4 (15... cxb3 $14 16. axb6 cxb6) 16. Qxe5 $16 Qxe5 17. Nxe5 cxb3 18. axb6 cxb6 19. cxb3 Be6 20. Bd2 a5 21. Be3 Bxb3 22. Bxb6 Ra6 23. Bc5 Re8 24. Nf3 Bc2 {[#]} 25. Ne1 $1 {[%cal Re1c2]} b3 26. f3 ({White should try} 26. Nxc2 $18 bxc2 27. Rfc1) 26... Nd7 27. Bd4 Rd6 (27... Rc8 $16 {was called for.} 28. Ra4 Bb1) 28. Bc3 $18 Bxd3 29. Nxd3 Rxd3 30. Rxa5 ({Don't play} 30. Bxa5 f6) 30... Rb8 31. Kf2 f6 32. Ke2 Rd6 33. Rd1 Rxd1 34. Kxd1 {[%mdl 4096] Endgame KRB-KRN} Kf7 35. Ke2 Nf8 36. f4 {[%cal Bf3f4,Bf4f5][%mdl 32]} Rb7 37. Kd3 Ne6 38. f5 Nf4+ $2 {[#]} (38... Rd7+ 39. Ke3 Nc7) 39. Ke3 {White is clearly winning.} Nxg2+ 40. Kf3 Nh4+ 41. Kg3 g5 42. Ra6 Rd7 43. Rxf6+ Ke7 44. Kg4 Rd1 45. Kxg5 {Precision: White = 84%, Black = 37%.} 1-0

[Event "89th GER-ch"]
[Site "Dresden"]
[Date "2018.08.05"]
[Round "3.3"]
[White "Faerber, David"]
[Black "Langrock, Hannes"]
[Result "1/2-1/2"]
[WhiteElo "2321"]
[BlackElo "2370"]
[Annotator "NA"]
[PlyCount "96"]
[EventDate "2018.08.03"]
[EventType "swiss"]
[EventCountry "GER"]
[SourceTitle "playchess.com"]
[Source "ChessBase"]
[SourceQuality "1"]
[TimeControl "40/5400+30:1800+30"]

1. e4 {[%emt 1:30:26]} e6 {[%emt 1:30:25]} 2. d4 {[%emt 1:30:35]} d5 {[%emt 1:30:49]} 3. Nd2 {[%emt 1:30:31]} c5 {[%emt 1:31:08]} 4. Ngf3 {[%emt 1:30:28]} cxd4 {[%emt 1:31:06]} 5. exd5 {[%emt 1:29:57]} Qxd5 {[%emt 1:31:23]} 6. Bc4 {[%emt 1:30:01]} Qd6 {[%emt 1:31:36]} 7. O-O {[%emt 1:29:33]} Nf6 {[%emt 1:31:54]} 8. Nb3 {[%emt 1:28:37]} Nc6 {[%emt 1:32:14]} 9. Nbxd4 {[%emt 1:28:13]} Nxd4 {[%emt 1:32:31]} 10. Nxd4 {[%emt 1:27:25]} a6 {[%emt 1:32:51]} 11. Bb3 {[%emt 1:23:59]} Qc7 {[%emt 1:28:39]} 12. Qe2 {[%emt 1:21:35]} Bd6 {[%emt 1:07:50]} 13. h3 {[%emt 1:14:45]} O-O {[%emt 1:06:45]} 14. Bg5 {[%emt 0:59:17]} Qc5 {[%emt 1:02:33]} 15. Be3 {[%emt 0:54:41]} Qc7 {[%emt 1:02:04]} 16. Rad1 {[%emt 0:48:47]} Bh2+ {[%emt 0:52:51]} 17. Kh1 {[%emt 0:49:08]} Bf4 {[%emt 0:53:17]} 18. Bxf4 {[%emt 0:39:45]} Qxf4 $11 {[%emt 0:53:41]} 19. Qf3 {[%emt 0:39:36]} Qc7 {[%emt 0:47:53]} 20. Kg1 {[%emt 0:32:35]} Bd7 {[%emt 0:45:29]} 21. c3 {[%emt 0:23:54]} Rfd8 {[%emt 0:35:58]} 22. Qe3 {[%emt 0:20:41]} Bc6 {[%emt 0:33:11]} 23. Nxc6 {[%emt 0:19:41]} Qxc6 {[%emt 0:33:27]} 24. Rd4 {[%emt 0:18:35]} Rxd4 {[%emt 0:25:43]} 25. Qxd4 {[%emt 0:18:54]} Qc7 {[%emt 0:16:37]} 26. Rd1 {[%emt 0:18:57]} Rc8 {[%emt 0:16:48]} 27. Qd6 {[%emt 0:16:10]} Qxd6 {[%emt 0:11:24]} 28. Rxd6 {[%emt 0:16:32]} Kf8 {[%emt 0:11:34]} 29. Kf1 {[%emt 0:15:13]} Ke7 {[%emt 0:11:31]} 30. Rd1 {[%emt 0:14:28]} g5 {[%emt 0:10:29]} 31. Ke2 {[%emt 0:14:34]} Rc5 {[%emt 0:10:33]} 32. Rd4 {[%emt 0:12:52]} b5 {[%emt 0:10:29]} 33. a4 {[%emt 0:11:24]} h6 {[%emt 0:10:18]} 34. Kd2 {[%emt 0:08:24]} Rf5 {[%emt 0:10:06]} 35. Ke2 {[%emt 0:08:31]} Re5+ {[%emt 0:09:57]} 36. Kf1 {[%emt 0:08:18]} Rc5 {[%emt 0:05:24]} 37. g3 {[%emt 0:07:07]} Re5 {[%emt 0:04:26]} 38. Bc2 {[%emt 0:05:39]} Rc5 {[%emt 0:02:24]} 39. Kg2 {[%emt 0:03:06]} Re5 {[%emt 0:01:48]} 40. Bd3 {[%emt 0:02:08]} Ne8 {[%emt 0:01:25]} 41. axb5 {[%emt 0:25:42]} axb5 {[%emt 0:31:15]} 42. c4 {[%emt 0:25:48]} bxc4 {[%emt 0:26:21]} 43. Bxc4 {[%emt 0:24:09]} Re1 {[%emt 6:35:23]} 44. Rd2 {[%emt 0:23:20]} Re4 {[%emt 0:21:52]} 45. Bf1 {[%emt 0:22:39]} Rb4 {[%emt 0:21:47]} 46. Kf3 {[%emt 0:21:55]} Nf6 {[%emt 0:18:52]} 47. Ke3 {[%emt 0:20:33]} Nd5+ {[%emt 0:19:06]} 48. Kd3 {[%emt 0:20:30]} h5 {[%emt 0:18:37]} 1/2-1/2

[Event "89th GER-ch"]
[Site "Dresden"]
[Date "2018.08.05"]
[Round "3.4"]
[White "Mueller, Nick"]
[Black "Buhmann, Rainer"]
[Result "1/2-1/2"]
[WhiteElo "2313"]
[BlackElo "2581"]
[Annotator "TA"]
[PlyCount "84"]
[EventDate "2018.08.03"]
[EventType "swiss"]
[EventCountry "GER"]
[SourceTitle "playchess.com"]
[Source "ChessBase"]
[SourceQuality "1"]

{[%evp 19,84,13,18,0,0,0,0,1,5,0,0,-8,-8,-14,-15,-23,-13,-27,1,0,22,23,32,29,52,45,54,40,57,16,33,3,12,14,12,16,65,56,50,15,27,23,29,37,31,0,17,0,0,0,0,0,0,-6,0,0,0,0,0,0,0,0,0,0,0,0,0]} 1. e4 e5 2. Nf3 Nc6 3. Bb5 {[%cal Bf1b5,Bb5a4,Ba4b3,Bb3d5][%mdl 32]} a6 4. Ba4 Nf6 5. O-O Be7 6. d3 b5 7. Bb3 d6 8. a3 O-O 9. Nc3 Nb8 {[%cal Bc6b8,Bb8d7,Bd7f6,Bf6h5,Bh5f4][%mdl 32] C77: Ruy Lopez: 3...a6 4 Ba4 Nf6, unusual lines} (9... Na5 10. Ba2 Be6 11. b4 Bxa2 12. Rxa2 Nc6 13. Bg5 Ng4 14. Bd2 Nf6 15. Bg5 Ng4 16. Bd2 Nf6 17. Bg5 {½-½ (17) Vachier Lagrave,M (2789)-Carlsen,M (2843) Stavanger 2018}) 10. h3 Nbd7 {LiveBook: 3 Games} 11. Nd5 $146 ({Predecessor:} 11. Be3 Bb7 12. Nd2 Nc5 13. Ba2 d5 14. exd5 {½-½ (14) Bartel,M (2604)-Salem,A (2642) Warsaw 2018}) 11... Nxd5 12. Bxd5 Rb8 13. Bd2 c5 14. Qe1 Nf6 15. Ba5 Qd7 16. Ba2 Bd8 17. Bxd8 Qxd8 18. b4 cxb4 19. axb4 Nh5 20. Qe3 Nf4 21. h4 {[%cal Bh3h4,Bh4h5][%mdl 32]} Qf6 22. g3 Ne6 23. Kg2 h6 24. Bb3 Qg6 25. Rh1 Bb7 26. h5 Qf6 27. Bd5 Nc7 28. Bxb7 Rxb7 29. Nh4 d5 30. Nf5 dxe4 31. dxe4 Rb6 {[%cal Bb7b6,Bb6c6,Bc6c2][%mdl 32]} 32. Rad1 {[%cal Ba1d1,Bd1d7,Bd7b7,Bb7f7][%mdl 32] [#] Black must now prevent Rd7.} Rc6 {The position is equal.} 33. Rh4 Kh7 ({Avoid the trap} 33... Rxc2 $2 34. Rd6 $18) 34. Rg4 Ne6 35. Rd7 {Threatens to win with Rg6!} Rd8 36. Rb7 Rxc2 {aiming for ...Rdd2.} 37. Qa7 $36 {[%mdl 2048] White is more active.} Rdd2 38. Rxf7 Rxf2+ 39. Kg1 Rg2+ 40. Kh1 Rh2+ 41. Kg1 Rcg2+ 42. Kf1 {[#]} Rf2+ $1 {[%mdl 512] Precision: White = 60%, Black = 54%.} 1/2-1/2

[Event "89th GER-ch"]
[Site "Dresden"]
[Date "2018.08.06"]
[Round "4"]
[White "Buhmann, Rainer"]
[Black "Heinert, Eugen"]
[Result "1-0"]
[WhiteElo "2581"]
[BlackElo "2146"]
[Annotator "RC"]
[PlyCount "109"]
[EventDate "2018.08.03"]
[EventType "swiss"]
[EventCountry "GER"]
[SourceTitle "playchess.com"]
[Source "ChessBase"]
[SourceQuality "1"]
[TimeControl "40/5400+30:1800+30"]

1. Nf3 d5 2. c4 e6 3. e3 Nf6 4. b3 b6 5. Bb2 Bb7 6. cxd5 exd5 7. Bb5+ c6 8. Be2 Nbd7 9. O-O Bd6 10. Nd4 g6 11. f4 Qe7 12. Qe1 c5 13. Nb5 Bb8 14. Bf3 O-O 15. Qh4 Re8 16. Qh6 Qf8 17. Qh3 Qe7 18. N1c3 a6 19. Na3 Bd6 20. Rae1 b5 21. Nc2 b4 22. Nd1 Ne4 23. Re2 a5 24. d3 Ba6 25. dxe4 dxe4 26. Bg4 f5 27. Bxf5 gxf5 28. Rd2 Bxf1 29. Qg3+ Kf8 30. Rd5 Rec8 31. Rxf5+ Ke8 32. Qg8+ Nf8 33. Bg7 Bd3 34. Bxf8 Qxf8 35. Rxf8+ Bxf8 36. Ne1 Bb1 37. Qe6+ Kd8 38. Nf2 Ra7 39. Qb6+ Rcc7 40. Qf6+ Ke8 41. Qb2 Bxa2 42. Qxa2 c4 43. Qa4+ Ke7 44. Nxe4 Bg7 45. Nc2 Rab7 46. Kf2 cxb3 47. Qxb3 a4 48. Qxa4 b3 49. Na3 b2 50. Nb1 Rc1 51. Qa3+ Kd8 52. Qa8+ Kc7 53. Ned2 Rb6 54. Qg8 Bc3 55. Nxc3 1-0

[Event "89th GER-ch"]
[Site "Dresden"]
[Date "2018.08.06"]
[Round "4"]
[White "Colpe, Malte"]
[Black "Plassmann, Dominik"]
[Result "1-0"]
[WhiteElo "2384"]
[BlackElo "2186"]
[Annotator "TA"]
[PlyCount "49"]
[EventDate "2018.08.03"]
[EventType "swiss"]
[EventCountry "GER"]
[SourceTitle "playchess.com"]
[Source "ChessBase"]
[SourceQuality "1"]

{[%evp 17,49,39,43,39,41,41,44,44,87,96,345,339,341,335,337,331,347,335,338,346,603,579,768,753,761,755,726,646,623,623,811,570,572,539]} 1. d4 e6 2. Nf3 f5 3. g3 Nf6 4. Bg2 d5 5. O-O Bd6 6. c4 c6 7. Nc3 O-O 8. Qc2 Bd7 9. Ne5 {A90: Dutch Defence: Miscellaneous and Modern Stonewall (with ...Bd6)} Be8 {LiveBook: 4 Games} 10. Bf4 Nh5 $146 ({Predecessor:} 10... Na6 11. cxd5 cxd5 12. Rac1 h6 13. Qb3 g5 14. Bd2 Qb6 15. Qxb6 axb6 16. h4 Bxe5 17. dxe5 {½-½ (36) Bacrot,E (2705)-Bauer,C (2633) Nancy 2013}) 11. Qb3 {White is slightly better.} Nxf4 12. gxf4 Nd7 13. cxd5 Bxe5 $2 (13... exd5 $16 {was called for.} 14. Bxd5+ (14. Qxb7 Nxe5 15. fxe5 Rf7 $16) 14... Kh8) 14. dxe6 $18 {[#] Hoping for e7+.} ({Less strong is} 14. dxe5 exd5 15. Qxb7 Nc5 $16) ({Not} 14. fxe5 cxd5 15. Nxd5 (15. Qxb7 Nb6 $14) 15... exd5 $16) 14... Qe7 15. fxe5 ({But not} 15. exd7+ $6 Bf7 $18) 15... Nb6 16. a4 {[%cal Ba2a4,Ba4a5][%mdl 32]} Rd8 17. a5 Nc8 18. Rad1 Bh5 $2 (18... Kh8 19. Bf3 Bg6) 19. d5 {White is clearly winning.} cxd5 20. Nxd5 Qxe6 {[#]} 21. Nf6+ $1 {[%mdl 512]} Kf7 (21... gxf6 22. Qxe6+) 22. Qxe6+ Kxe6 23. Nxh5 g6 24. Nf4+ Kxe5 25. Nd3+ {Precision: White = 97%, Black = 40%.} 1-0

[Event "89th GER-ch"]
[Site "Dresden"]
[Date "2018.08.06"]
[Round "4"]
[White "Miller, Eduard"]
[Black "Gaede, Derek"]
[Result "1-0"]
[WhiteElo "2309"]
[BlackElo "2298"]
[Annotator "TA"]
[PlyCount "83"]
[EventDate "2018.08.03"]
[EventType "swiss"]
[EventCountry "GER"]
[SourceTitle "playchess.com"]
[Source "ChessBase"]
[SourceQuality "1"]

{[%evp 20,83,14,17,11,14,2,0,7,0,16,6,38,29,20,-15,58,58,88,61,63,66,143,132,153,129,119,18,38,29,31,26,11,14,0,0,9,26,310,310,913,857,899,867,853,851,1103,1102,1088,1066,1084,1076,1054,995,1800,1684,29982,29983,29984,29985,29985,29986,29993,29994,29994,29995]} 1. Nf3 Nf6 2. g3 d5 3. Bg2 Bf5 4. O-O c6 5. d3 e6 6. Nh4 Bg4 {A07: Réti Opening: New York and Capablanca Systems} 7. h3 Bh5 8. Qe1 Be7 9. f4 Nfd7 10. Nf3 f5 (10... Bxf3 11. Bxf3 O-O 12. e4 dxe4 13. dxe4 e5 14. Nd2 {0-1 (41) Nisipeanu,L (2672)-Wojtaszek,R (2737) Antalya 2017}) 11. e4 {LiveBook: 4 Games} O-O 12. Kh2 Na6 13. Nd4 Nc7 14. Nc3 {[%cal Bb1c3,Bc3e2,Be2d4][%mdl 32] [#]} Kh8 $146 15. b3 Bf6 16. e5 Be7 17. a4 Bc5 (17... c5 $11 18. Nf3 d4) 18. Nce2 $14 Qe7 19. c3 a5 20. Nc2 b5 (20... Qe8 $14) 21. Ned4 $16 Ra6 22. axb5 cxb5 23. Rxa5 ({White should try} 23. Bb2 $16) 23... Rxa5 $11 24. Nc6 $1 {[%csl LRa5,LRe7]} Ra2 $1 25. Nxe7 Rxc2 26. g4 $1 {[#] Qd1 is the strong threat.} ({But not} 26. Nc6 $2 Re2 $19) 26... Bxe7 27. gxh5 {White wants to play Be3.} Ra8 $1 28. Be3 {aiming for c4!} Raa2 $2 {[%mdl 8192]} (28... Nc5 $11 {and Black stays safe.}) 29. Rf2 $18 Nc5 $2 (29... Kg8 30. b4 Rxf2 31. Bxf2 Nb8) 30. Bxc5 Bxc5 31. Rxc2 Rxc2 32. Qh4 {[#] Qd8+ would kill now.} h6 33. Qd8+ Kh7 34. Qxc7 Be3 35. Kg3 Bf2+ 36. Kf3 d4 37. Qf7 dxc3 38. Qxe6 {White mates.} Be1 39. Qxf5+ Kh8 40. e6 {[%cal Be5e6,Be6e7][%mdl 32]} Rf2+ 41. Ke3 Rxg2 42. e7 {Precision: White = 62%, Black = 31%.} 1-0

[Event "89th GER-ch"]
[Site "Dresden"]
[Date "2018.08.06"]
[Round "4"]
[White "Syrov, Arkadi"]
[Black "Adiyaman, Rene"]
[Result "0-1"]
[WhiteElo "2295"]
[BlackElo "2097"]
[Annotator "TA"]
[PlyCount "42"]
[EventDate "2018.08.03"]
[EventType "swiss"]
[EventCountry "GER"]
[SourceTitle "playchess.com"]
[Source "ChessBase"]
[SourceQuality "1"]

{[%evp 14,42,14,-6,-6,-73,-66,-75,30,18,26,9,118,59,69,64,64,18,37,3,0,0,187,-281,-270,-577,-196,-471,-468,-1254,-1249]} 1. Nf3 Nf6 2. c4 c6 3. Nc3 d5 4. e3 e6 5. b3 Nbd7 6. Qc2 {A11: Reti-Eröffnung} a6 7. Bb2 Bd6 8. Rg1 {LiveBook: 5 Partien. Die Stellung ist ausgeglichen.} (8. d4 O-O 9. Bd3 e5 10. cxd5 cxd5 11. dxe5 Nxe5 12. Nxe5 Bxe5 13. Ne2 Qd6 14. Bxe5 Qxe5 15. Qc3 Qd6 16. f3 Bd7 17. Kf2 {1-0 (34) Wei,Y (2734)-Wang,H (2710) Tianjin 2018}) 8... e5 9. cxd5 $146 (9. g4 $11) ({Vorgänger:} 9. g4 e4 10. g5 Nh5 11. Nd4 c5 12. Nxd5 cxd4 13. Qxe4+ Kf8 14. Be2 h6 15. Bxh5 hxg5 {1-0 (46) Ramirez,A (2549)-Ali Marandi,C (2497) Saint Louis 2017}) 9... cxd5 $17 10. g4 {Droht g5 und aus.} d4 (10... h6 $17) 11. exd4 $11 exd4 12. Nxd4 {Schwarz sollte g5 verhindern.} Bxh2 (12... O-O $11 {bleibt in der Remisbreite.}) 13. O-O-O ({Günstiger ist} 13. Rh1 $1 $16 {[%cal Rh1h2]} Ne5 14. Ne4) 13... Bxg1 14. Re1+ Kf8 {[%cal Be8f8,Bf8g8,Bg8f7][%mdl 32]} 15. Ba3+ $1 Kg8 16. Nf5 $1 {[%cal Rf5e7] Und weiter mit Se7+ wäre nett.} g6 (16... Bxf2 $2 17. Ne7+ Kf8 18. Nc6+ Kg8 19. Nxd8 $18) 17. Bc4 $1 {zielt auf Te7 ab.} Bxf2 $2 {[#]} ({Falsch wäre} 17... gxf5 $2 18. Qxf5 Nf8 19. Qg5+ Ng6 20. Ne4 $18) (17... Bh2 $1 $11 {und Schwarz steht sicher.} 18. Re7 Ne5 19. Nh6+ Kg7 20. Nxf7 Qxe7 $1 {[%mdl 512]} 21. Bxe7 Nxf7 22. Bxf6+ Kxf6) 18. Bxf7+ $4 {[%mdl 8192]} (18. Re7 $1 $18 {[%cal Re7f7] nur so kann Weiss gewinnen.} Nc5 19. Rxf7 Bxf5 20. gxf5) 18... Kxf7 $19 19. Ne4 $2 (19. Re7+ {war die entscheidende Verteidigung.} Qxe7 20. Nxe7) 19... Nb6 $2 (19... gxf5 20. Ng5+ Kg7 21. Ne6+ Kf7 22. Nxd8+ Rxd8 23. Re7+ Kg8 24. Qc4+ Kh8 25. Qf7) ({Lieber nicht} 19... Bxe1 20. Qc4+ Nd5 21. Qxd5+ Ke8 22. Ng7#) (19... Nxe4 20. Qc4+ Kf6 21. Be7+ Qxe7 22. Nxe7 Bxe1 23. Qxe4 Bh4 24. Nd5+ Kg7) 20. Ng5+ $2 (20. Nfd6+ {war die einzige Verteidigung.} Kg7 21. Nxf2) 20... Kg8 21. Be7 (21. Nh6+ $142 Kg7 22. Re7+ Qxe7 23. Bxe7) 21... Bxf5 0-1

[Event "89th GER-ch"]
[Site "Dresden"]
[Date "2018.08.06"]
[Round "4"]
[White "Fischer, Sebastian"]
[Black "Mueller, Nick"]
[Result "0-1"]
[WhiteElo "2292"]
[BlackElo "2313"]
[Annotator "TA"]
[PlyCount "132"]
[EventDate "2018.08.03"]
[EventType "swiss"]
[EventCountry "GER"]
[SourceTitle "playchess.com"]
[Source "ChessBase"]
[SourceQuality "1"]

{[%evp 11,132,16,23,23,25,6,58,67,72,62,53,43,60,56,51,51,92,50,73,58,60,25,30,23,52,33,58,58,62,0,0,-2,33,37,31,-21,-16,-38,-37,-67,-75,-68,-74,-170,-162,-160,-63,-88,-91,-91,-98,-110,-116,-110,-91,-137,-115,-129,-121,-159,-141,-227,-208,-245,-194,-194,-179,-309,-315,-304,-307,-333,-274,-316,-300,-298,-223,-262,-246,-246,-246,-227,-230,-327,-322,-434,-434,-441,-441,-441,-441,-441,-441,-441,-434,-434,-393,-393,-378,-378,-375,-888,-841,-437,-712,-508,-475,-29971,-29971,-29972,-29974,-29974,-29974,-29973,-29974,-29980,-29981,-29977,-29978,-29978,-29977,-29984,-29985]} 1. d4 Nf6 2. Nf3 c5 3. d5 b5 4. Bg5 Qb6 5. Bxf6 Qxf6 6. c3 g6 {LiveBook: 32 Games} 7. Nbd2 {A43: Schmid Benoni} (7. e3 b4 8. Nbd2 Bg7 9. Rc1 O-O 10. Be2 bxc3 11. bxc3 d6 12. O-O Nd7 13. Ne4 Qf5 14. Ng3 Qf6 15. Ne4 Qf5 16. Ng3 Qf6 17. Ne4 {½-½ (17) So,W (2815)-Carlsen,M (2832) chess.com INT 2017}) 7... Qb6 8. a4 Bg7 $146 (8... b4 $1 $11) ({Predecessor:} 8... b4 9. Nc4 Qb7 10. d6 e6 11. Qc2 Nc6 12. e4 Qb8 13. e5 Bb7 14. Bd3 {½-½ (29) Schmalz,P (2124)-Bucsa,I (2277) ICCF email 2017}) 9. axb5 $14 {White is slightly better.} Qxb5 10. Qc2 d6 11. Nc4 O-O ({Not} 11... Qxc4 $2 12. e4 $18) 12. e4 Qb7 $1 13. Bd3 Qc7 14. O-O e6 15. Ne3 Nd7 16. Bb5 Nf6 17. Bc4 e5 18. Rfe1 Qe7 19. Ba6 Bd7 20. b4 ({White should play} 20. Nd2 $14) 20... cxb4 $11 21. cxb4 Rfb8 22. Reb1 Ne8 23. Ra5 (23. Nd2 $14) 23... Qd8 24. Bd3 Rxb4 25. Rba1 Qb8 26. Nc4 Bb5 27. Qc3 (27. Ncd2 $17) 27... Bxc4 $1 $19 28. Bxc4 Rb1+ (28... Nf6 $17 29. Re1 Nd7) 29. Bf1 {[#]} Rxa1 $1 30. Rxa1 Nf6 31. Bd3 {[#]} Nxd5 $1 {[%mdl 512]} 32. Qa5 ({Don't go for} 32. exd5 $2 e4 $19) 32... Nb6 {[%cal Bd5b6,Bb6d7,Bd7f6][%mdl 32]} 33. Rb1 Qc8 34. Qa2 Bh6 35. h3 Kg7 36. Qb2 (36. Ba6 $17 Qc7 37. h4) 36... Nd7 37. Qa3 Qc5 38. Qa6 Rb8 39. Qa2 (39. Rxb8 {might work better.} Nxb8 40. Qb5 Qxb5 41. Bxb5) 39... Rxb1+ 40. Qxb1 a5 41. Qa2 Nf6 42. g3 Be3 43. Kg2 Bc1 44. Bb1 h6 45. Qb3 Qb4 46. Qxb4 axb4 {[%cal Ba5b4,Bb4b3,Bb3b2][%mdl 4128] Endgame KBN-KBN} 47. Bc2 (47. Kf1 $142) 47... Nd7 48. Ne1 Nc5 49. Nd3 b3 50. Bb1 Ba3 51. Nxc5 dxc5 {[%cal Bd6c5,Bc5c4][%mdl 32] KB-KB} (51... Bxc5 $2 52. Bd3 $19) 52. Bd3 Kf8 53. Kf1 b2 54. Ke2 {[#]} c4 $1 55. Bb1 (55. Bxc4 b1=Q) 55... Bc5 56. f4 $2 (56. Ba2) 56... Bd4 57. Kd2 Ke7 58. f5 Kd6 59. fxg6 (59. f6 $19) 59... fxg6 {Black mates.} 60. Ke2 Kc5 61. Kd2 Kb4 62. Kc2 Ka3 63. g4 g5 64. Kd1 Kb3 65. Kd2 Bg1 66. Ke1 c3 {Precision: White = 31%, Black = 70%.} 0-1

[Event "89th GER-ch"]
[Site "Dresden"]
[Date "2018.08.06"]
[Round "4"]
[White "Svane, Frederik"]
[Black "Zude, Arno"]
[Result "1-0"]
[WhiteElo "2292"]
[BlackElo "2373"]
[Annotator "TA"]
[PlyCount "99"]
[EventDate "2018.08.03"]
[EventType "swiss"]
[EventCountry "GER"]
[SourceTitle "playchess.com"]
[Source "ChessBase"]
[SourceQuality "1"]

{[%evp 22,99,35,30,29,39,52,47,47,24,33,-6,62,50,51,43,70,26,65,0,0,-32,-23,-22,0,-33,0,-23,-33,-64,-59,-101,0,7,108,118,131,131,125,102,633,634,631,631,631,631,626,617,616,592,764,554,958,958,933,429,429,429,429,428,406,399,429,344,425,417,377,355,552,541,1130,1123,995,784,4132,986,5218,5169,5214,5214]} 1. e4 e5 2. Nf3 Nc6 3. Bb5 a6 4. Ba4 Nf6 5. O-O d6 6. d4 Bd7 7. c3 b5 8. Bc2 g6 9. Re1 Bg7 10. Nbd2 O-O 11. h3 {C79: Ruy Lopez: Steinitz-type lines with 3...a6 4 Ba4 Nf6 5 0-0 d6} Re8 12. Nf1 {LiveBook: 13 Games} a5 (12... exd4 13. cxd4 Nb4 14. Bb1 c5 15. dxc5 dxc5 16. e5 Nh5 {0-1 (31) Vallejo Pons,F (2707)-Van Foreest,J (2629) Riadh 2017}) 13. a4 {White has an edge.} b4 14. d5 Nb8 15. cxb4 axb4 16. Be3 $146 ({Predecessor:} 16. Bg5 Na6 17. N1d2 Qe7 18. a5 {½-½ (65) Hoppe,F (2111)-Lucki,S (2309) ICCF email 2012}) 16... Na6 (16... b3 $11 17. Bd3 (17. Bxb3 Nxe4 18. N1d2 Nf6 $14) 17... c6) 17. N1d2 $14 {[%cal Bf1d2,Bd2c4,Bc4a5,Ba5c6][%mdl 32]} Nh5 18. Nc4 h6 19. Qd2 g5 20. Bd1 ({White should try} 20. Nh2 $14) 20... Nf4 $11 21. Rc1 f5 22. exf5 Bxf5 23. Na5 Qf6 24. Nc6 Nd3 25. Rc4 Qf7 26. Bb3 Nac5 (26... e4 $17 27. Nfd4 Nac5 28. Rxc5 dxc5 29. Nxf5 Qxf5) 27. Bxc5 $1 Nxc5 {[#]} (27... Nxe1 $11 {remains equal.} 28. Qxe1 dxc5) 28. Rxc5 $1 $16 {[%mdl 512]} dxc5 29. Nfxe5 Bxe5 30. Nxe5 Qg7 $2 {[%mdl 8192]} (30... Qf6 $16 31. d6+ Kg7) 31. d6+ $18 Kh7 32. d7 Rxe5 33. Rxe5 Qxe5 34. d8=Q Rxd8 35. Qxd8 {[%csl Gb3][%cal Rd8g8] [#]} Qg7 36. Qd5 Bg6 37. a5 h5 38. Qxc5 (38. a6 $142 {Strongly threatening a7.} c4 39. a7) 38... Qxb2 39. Qe7+ Kh6 40. Qf8+ Qg7 41. Qxb4 Qa1+ 42. Kh2 Qe5+ 43. g3 Qf6 44. Qd2 Be4 (44... Kg7 {was necessary.} 45. Qe3 Bf7 46. Bxf7 Kxf7) 45. Qe3 {White is clearly winning.} Qf3 46. Qxf3 Bxf3 47. a6 h4 48. Be6 Be2 49. Bc8 c5 50. Bb7 {Precision: White = 56%, Black = 26%.} 1-0

[Event "89th GER-ch"]
[Site "Dresden"]
[Date "2018.08.06"]
[Round "4"]
[White "Rehberg, Raphael"]
[Black "Brustkern, Juergen"]
[Result "0-1"]
[WhiteElo "2234"]
[BlackElo "2219"]
[Annotator "TA"]
[PlyCount "52"]
[EventDate "2018.08.03"]
[EventType "swiss"]
[EventCountry "GER"]
[SourceTitle "playchess.com"]
[Source "ChessBase"]
[SourceQuality "1"]

{[%evp 15,52,-8,0,-21,8,0,9,0,22,6,5,11,45,52,54,47,56,44,65,52,64,51,70,61,79,0,0,-188,-190,-191,-175,-239,-211,-200,-41,-996,-950,-1102,-1060]} 1. e4 d5 2. exd5 Qxd5 3. Nc3 Qa5 4. d4 Nf6 5. Bc4 c6 6. Qe2 Bf5 7. Bd2 Qc7 {B01: Scandinavian Defence} 8. O-O-O e6 {LiveBook: 4 Games} 9. h3 Bb4 {The position is equal.} 10. g4 $146 ({Predecessor:} 10. Kb1 Bxc3 11. Bxc3 Nbd7 12. Nf3 O-O-O 13. g4 Bg6 14. Rhe1 Nb6 15. Bb3 {1-0 (42) Kreiman,B (2515)-Montero Martinez,C (2240) ICC INT 2000}) 10... Bg6 $1 11. Nf3 Nbd7 12. Ne5 Bxc3 13. Bxc3 Nxe5 (13... b5 $5 {[%cal Rb5c4]} 14. Nxg6 hxg6 $11) 14. dxe5 Nd5 15. Bd2 O-O-O 16. f4 h5 17. Qf3 f5 18. Qa3 Kb8 19. Bd3 c5 {[%cal Bc6c5,Bc5b4][%mdl 32]} 20. c4 ({White should play} 20. gxf5 $16 c4 21. Be4 (21. fxg6 cxd3 22. Qb3 dxc2 $11) 21... Bxf5 22. Bxf5 exf5 23. Rhg1) 20... Nb4 21. Bxb4 $2 {[#]} (21. Bb1 $1 $11) 21... cxb4 $19 22. Qb3 hxg4 23. hxg4 (23. Be2 {might work better.}) 23... Rxh1 24. Rxh1 Qc5 $2 (24... Qc6 $19 25. Rf1 Qg2 26. gxf5 Bxf5) 25. gxf5 $2 {[%mdl 8192]} (25. Kb1 $15) 25... Qe3+ 26. Kc2 {[#]} Rxd3 $1 {[%mdl 512] Precision: White = 43%, Black = 33%.} 0-1